Introduction to algebraic geometry
Gorde:
| Egile nagusia: | |
|---|---|
| Formatua: | Liburua |
| Hizkuntza: | ingelesa |
| Argitaratua: |
Nueva York
Interscience
1958
|
| Saila: | Interscience tracts in pure and applied mathematics, 5
|
| Gaiak: | |
| Etiketak: |
Etiketa erantsi
Etiketarik gabe, Izan zaitez lehena erregistro honi etiketa jartzen!
|
MARC
| LEADER | 00000nam a2200000 a 4500 | ||
|---|---|---|---|
| 001 | UCW1618 | ||
| 003 | CL-VaPUC | ||
| 008 | 920818e19580000US |||||||||||||||||eng|d | ||
| 082 | 0 | 4 | |a 516.35 |b LAN |2 21 |
| 100 | |a Lang, Serge |9 719911 | ||
| 245 | 1 | 0 | |a Introduction to algebraic geometry |
| 300 | |a 260 p | ||
| 942 | |c BK | ||
| 945 | |d 19920818 00:00:00 | ||
| 260 | |a Nueva York |b Interscience |c 1958 | ||
| 650 | 0 | |a Geometría algebraica |9 270327 | |
| 583 | |a last modification |c 19920818 00:00:00 |k Rodrigo Vera | ||
| 490 | 0 | |a Interscience tracts in pure and applied mathematics, 5 | |
| 999 | |c 216486 |d 216484 | ||
| 952 | |0 0 |1 0 |4 0 |6 516_350000000000000_LAN_1958 |7 0 |8 A |9 202226 |a BIBMAT |b BIBMAT |d 2019-11-14 |i 2693445 |o 516.35 LAN 1958 |p 2693445 |r 2025-01-07 |w 2019-11-14 |y BK |k MAT | ||